[Event "Hamburg Easter op"]
[Site "Hamburg"]
[Date "2023.04.08"]
[Round "4"]
[White "Kahlert, Thomas"]
[Black "Mandelkow, Elias"]
[Result "1-0"]
[WhiteElo "2160"]
[BlackElo "1811"]
[PlyCount "45"]
[EventDate "2023.04.07"]
[EventType "swiss"]
[EventRounds "7"]
[EventCountry "GER"]
[SourceTitle "EXT 2024"]
[Source "ChessBase"]
[SourceDate "2023.10.10"]
[SourceVersion "1"]
[SourceVersionDate "2023.10.10"]
[SourceQuality "1"]

1. d4 Nf6 2. Nf3 g6 3. g3 Bg7 4. Bg2 d5 5. 0-0 0-0 6. c4 c6 7. cxd5 cxd5 8. Nc3 Nc6 9. Ne5 Bf5 10. Bg5 Nd7 11. Nxd5 Ndxe5 12. dxe5 Bxe5 13. Rc1 Re8 14. Qd2 Qd7 15. Rfd1 Rad8 16. e4 Bg4 17. f3 Be6 18. Qf2 Kg7 19. Be3 Qc8 20. f4 Bb8 21. b4 Qd7 22. b5 Nb4 23. Qb2+ 1-0

[Event "Itzehoe op"]
[Site "Itzehoe"]
[Date "2022.10.01"]
[Round "2"]
[White "Mandelkow, Elias"]
[Black "Popvasilev, Kalojan"]
[Result "0-1"]
[WhiteElo "1757"]
[BlackElo "2198"]
[PlyCount "32"]
[EventDate "2022.10.01"]
[EventType "swiss"]
[EventRounds "5"]
[EventCountry "GER"]
[SourceTitle "CBM 210 Extra"]
[Source "ChessBase"]
[SourceDate "2022.11.30"]
[SourceVersion "1"]
[SourceVersionDate "2022.11.30"]
[SourceQuality "1"]

1. d4 e6 2. c4 b6 3. Nc3 Bb7 4. e4 Bb4 5. Bd3 f5 6. Qe2 Nf6 7. d5 fxe4 8. Bxe4 0-0 9. Bg5 exd5 10. cxd5 Na6 11. Qc4 b5 12. Qxb5 Qe8 13. Bxf6 Qxe4+ 14. Kf1 Bxc3 15. Bxc3 Bxd5 16. Qxd7 Bc4+ 0-1

[Event "GER-chT U16"]
[Site "Kiel"]
[Date "2022.07.24"]
[Round "4.2"]
[White "Mandelkow, Elias"]
[Black "Korek, Jakob Alexander"]
[Result "1-0"]
[WhiteElo "1732"]
[BlackElo "1611"]
[PlyCount "105"]
[EventDate "2022.07.22"]
[EventType "team-swiss"]
[EventRounds "7"]
[EventCountry "GER"]
[SourceTitle "CBM 209 Extra"]
[Source "ChessBase"]
[SourceDate "2022.09.30"]
[SourceVersion "1"]
[SourceVersionDate "2022.09.30"]
[SourceQuality "1"]
[WhiteTeam "Hamburger SK"]
[BlackTeam "Koenigsjaeger Sued West"]
[WhiteTeamCountry "GER"]
[BlackTeamCountry "GER"]

1. d4 d5 2. c4 e6 3. Nc3 Nf6 4. cxd5 exd5 5. Bg5 c6 6. e3 Nbd7 7. Bd3 Bd6 8. Nf3 0-0 9. 0-0 Re8 10. a3 h6 11. Bh4 Nf8 12. Qc2 Bg4 13. Nd2 Bh5 14. Kh1 Ng6 15. Bxf6 Qxf6 16. Be2 Bxe2 17. Nxe2 Nf8 18. b4 Qg6 19. Qxg6 Nxg6 20. b5 Ne7 21. Nc3 Rec8 22. Nb3 a6 23. Na4 Re8 24. bxc6 bxc6 25. Rfc1 a5 26. Rc2 Reb8 27. Nbc5 Rb5 28. g3 Rc8 29. Rac1 Nf5 30. Kg2 Kf8 31. Nc3 Rbb8 32. Nd7+ Ke8 33. Nxb8 Rxb8 34. Rb1 Rxb1 35. Nxb1 Kd7 36. a4 Bb4 37. Nd2 Nd6 38. g4 g5 39. f3 f5 40. h3 Ba3 41. Kf2 Bb4 42. Ke2 f4 43. exf4 gxf4 44. Kd3 Nf7 45. h4 Kd6 46. Rc1 c5 47. dxc5+ Bxc5 48. Nb3 Ne5+ 49. Ke2 Be3 50. Rc8 Kd7 51. Ra8 d4 52. Nc5+ Kd6 53. Nd3 1-0

[Event "DSOL 04 Liga Gr-C 1st"]
[Site "Playchess.com INT"]
[Date "2020.08.13"]
[Round "2.2"]
[White "Huhnstock, Rico"]
[Black "Mandelkow, Elias"]
[Result "1-0"]
[WhiteElo "1986"]
[BlackElo "1845"]
[PlyCount "57"]
[EventDate "2020.06.22"]
[EventType "team-tourn (rapid)"]
[EventCountry "GER"]
[SourceTitle "EXT 2021"]
[Source "ChessBase"]
[SourceDate "2020.10.23"]
[SourceVersion "1"]
[SourceVersionDate "2020.10.23"]
[SourceQuality "1"]
[WhiteTeam "Lauenburg SV"]
[BlackTeam "Hamburger SK IV"]
[WhiteTeamCountry "GER"]
[BlackTeamCountry "GER"]

1. e4 c5 2. Nc3 d6 3. g3 Nc6 4. Bg2 g6 5. Nge2 Bg7 6. 0-0 Nf6 7. d3 0-0 8. h3 Be6 9. Be3 Qc8 10. Kh2 Rb8 11. a4 b6 12. Nf4 Bd7 13. Nfd5 Nxd5 14. exd5 Nd4 15. Bg5 Re8 16. Re1 Qd8 17. Ne4 h6 18. Bf4 a6 19. c3 Nf5 20. Qc2 b5 21. axb5 axb5 22. Ra7 Ra8 23. Rea1 Rxa7 24. Rxa7 Qb6 25. Rxd7 Ra8 26. g4 Nh4 27. Rxe7 Nxg2 28. Kxg2 Kf8 29. Bxd6 1-0

[Event "Lueneburg op-A"]
[Site "Lueneburg"]
[Date "2019.08.11"]
[Round "9"]
[White "Wozny, Michael"]
[Black "Mandelkow, Elias"]
[Result "1/2-1/2"]
[WhiteElo "1942"]
[BlackElo "1741"]
[PlyCount "109"]
[EventDate "2019.08.03"]
[EventType "swiss"]
[EventRounds "9"]
[EventCountry "GER"]
[SourceTitle "CBM 191 Extra"]
[Source "ChessBase"]
[SourceDate "2019.09.30"]
[SourceVersion "1"]
[SourceVersionDate "2019.09.30"]
[SourceQuality "1"]

1. c4 e5 2. Nc3 Nf6 3. g3 c6 4. Bg2 d5 5. cxd5 cxd5 6. d3 Nc6 7. Nf3 Bc5 8. 0-0 Be6 9. Bd2 Qd7 10. Ng5 Bg4 11. h3 Bh5 12. Rc1 Bb6 13. Nf3 e4 14. dxe4 dxe4 15. Ng5 Nd4 16. Be3 Nxe2+ 17. Nxe2 Qxd1 18. Rfxd1 Bxe2 19. Re1 Bxe3 20. fxe3 Bd3 21. Rc7 0-0 22. h4 b6 23. Nh3 Rfc8 24. Rec1 Rxc7 25. Rxc7 Ng4 26. Ng5 f5 27. Ne6 g6 28. Nf4 Bb1 29. h5 Rd8 30. Rc1 Bxa2 31. hxg6 hxg6 32. Nxg6 Nxe3 33. Bh3 Kf7 34. Nf4 Be6 35. Rc6 Re8 36. Bf1 Nxf1 37. Kxf1 b5 38. Kf2 Bc4 39. Ke3 a5 40. Nh5 Re6 41. Rc7+ Re7 42. Rc6 Be6 43. Nf4 Bd7 44. Rd6 Be6 45. Rb6 Bc4 46. b3 Bf1 47. Nd5 Re5 48. Kd4 e3 49. Rb7+ Kf8 50. Kxe5 e2 51. Kf6 e1Q 52. Rb8+ Qe8 53. Rxe8+ Kxe8 54. Kxf5 Kf7 55. Ke5 1/2-1/2

[Event "Lueneburg op-A"]
[Site "Lueneburg"]
[Date "2019.08.03"]
[Round "1"]
[White "Rick, Uwe"]
[Black "Mandelkow, Elias"]
[Result "1-0"]
[WhiteElo "2113"]
[BlackElo "1741"]
[PlyCount "103"]
[EventDate "2019.08.03"]
[EventType "swiss"]
[EventRounds "9"]
[EventCountry "GER"]
[SourceTitle "CBM 191 Extra"]
[Source "ChessBase"]
[SourceDate "2019.09.30"]
[SourceVersion "1"]
[SourceVersionDate "2019.09.30"]
[SourceQuality "1"]

1. c4 e5 2. g3 Nf6 3. Bg2 c6 4. d4 exd4 5. Qxd4 d5 6. Nf3 Nbd7 7. cxd5 Bc5 8. Qd1 Nxd5 9. 0-0 0-0 10. e4 N5f6 11. Nc3 Re8 12. Qc2 Bb4 13. Re1 Nc5 14. e5 Nfd7 15. a3 Bxc3 16. Qxc3 Ne6 17. Be3 Nb6 18. Rad1 Nd5 19. Qc2 Bd7 20. Nd2 Nec7 21. Nc4 b5 22. Na5 Re6 23. Bd2 Qc8 24. f4 Na6 25. b4 Re8 26. Be4 h6 27. Rc1 Nb8 28. Qd3 Ne7 29. Be3 Bf5 30. Red1 Bxe4 31. Qxe4 Qe6 32. Rd2 Qf5 33. Qxf5 Nxf5 34. Bf2 Ne7 35. Bc5 Nc8 36. Rcd1 Nb6 37. Rd8 N8d7 38. R8xd7 Nxd7 39. Rxd7 Red8 40. Rxd8+ Rxd8 41. Nxc6 Rd1+ 42. Kg2 a6 43. Nb8 Ra1 44. Nxa6 Rxa3 45. Nc7 Ra2+ 46. Kh3 Kh7 47. Nxb5 g5 48. Nd6 Kg6 49. b5 Rc2 50. b6 g4+ 51. Kxg4 h5+ 52. Kh3 1-0

[Event "Hamburg-chA"]
[Site "Hamburg"]
[Date "2019.06.10"]
[Round "3"]
[White "Mandelkow, Elias"]
[Black "Ristic, Sreten"]
[Result "1-0"]
[WhiteElo "1599"]
[BlackElo "1786"]
[PlyCount "97"]
[EventDate "2019.06.08"]
[EventType "swiss"]
[EventRounds "7"]
[EventCountry "GER"]
[SourceTitle "EXT 2022"]
[Source "ChessBase"]
[SourceDate "2021.10.06"]
[SourceVersion "1"]
[SourceVersionDate "2021.10.06"]
[SourceQuality "1"]

1. d4 d5 2. c4 e6 3. Nc3 Nf6 4. Nf3 Nbd7 5. Bf4 a6 6. e3 Be7 7. cxd5 exd5 8. Bd3 c5 9. Rc1 c4 10. Bb1 0-0 11. 0-0 Re8 12. Qc2 Nf8 13. Ne5 Nh5 14. Qd1 g6 15. h3 f5 16. Bh2 Ng7 17. Bc2 Be6 18. g4 fxg4 19. hxg4 Bd6 20. f4 Qh4 21. f5 gxf5 22. gxf5 Nxf5 23. Bxf5 Bxe5 24. Bxe5 Bxf5 25. Rxf5 Re6 26. Rf2 Rg6+ 27. Rg2 Rxg2+ 28. Kxg2 Re8 29. Qe1 Qd8 30. Ne2 Ng6 31. Bf4 Qf6 32. Qg3 Qf5 33. Qg5 Qd7 34. Kf2 Rf8 35. Ke1 b5 36. Kd2 b4 37. Rg1 a5 38. Qg4 Qc6 39. Be5 c3+ 40. bxc3 bxc3+ 41. Nxc3 Rf2+ 42. Ne2 Qb6 43. Qc8+ Rf8 44. Qc3 Qa6 45. Nf4 Rc8 46. Qd3 Qb6 47. Ke2 Qb2+ 48. Kf3 Rc2 49. Rxg6+ 1-0

[Event "Hamburg HSK Christmas op 4th"]
[Site "Hamburg"]
[Date "2018.12.29"]
[Round "5"]
[White "Mandelkow, Elias"]
[Black "Mueller, Nico"]
[Result "1-0"]
[WhiteElo "1569"]
[BlackElo "1546"]
[PlyCount "99"]
[EventDate "2018.12.27"]
[EventType "swiss"]
[EventRounds "7"]
[EventCountry "GER"]
[SourceTitle "CBM 188 Extra"]
[Source "ChessBase"]
[SourceDate "2019.02.26"]
[SourceVersion "1"]
[SourceVersionDate "2019.02.26"]
[SourceQuality "1"]

1. d4 Nf6 2. c4 e6 3. Nf3 b6 4. g3 Bb7 5. Bg2 Be7 6. Nc3 Na6 7. a3 0-0 8. 0-0 c5 9. d5 exd5 10. cxd5 Bd6 11. Nh4 Rc8 12. Nf5 Bb8 13. d6 Bxg2 14. Ne7+ Kh8 15. Kxg2 Rc6 16. Nxc6 dxc6 17. Qd3 c4 18. Qxc4 Nc5 19. Rd1 Re8 20. Qxf7 Ne6 21. Qb7 c5 22. e3 Ng4 23. Qf3 Ne5 24. Qe2 Qf6 25. Nd5 Qg6 26. Kf1 Qe4 27. f4 Qh1+ 28. Kf2 Qxh2+ 29. Ke1 Qh1+ 30. Qf1 Nf3+ 31. Kf2 Qh5 32. Qg2 Nfd4 33. g4 Qh4+ 34. Qg3 Qxg3+ 35. Kxg3 Nb3 36. Rb1 Bxd6 37. Nc3 Bb8 38. Ne2 g5 39. Bd2 gxf4+ 40. exf4 Nxd2 41. Rxd2 Nxf4 42. Nxf4 Re3+ 43. Kf2 Bxf4 44. Rd8+ Kg7 45. Rd7+ Kg6 46. Rxa7 h5 47. Rg1 hxg4 48. Rxg4+ Kf5 49. Rxf4+ Kxf4 50. Rf7+ 1-0

[Event "Hamburg HSK Christmas op 4th"]
[Site "Hamburg"]
[Date "2018.12.27"]
[Round "1"]
[White "Mandelkow, Elias"]
[Black "Schellhorn, Wolfgang"]
[Result "0-1"]
[WhiteElo "1569"]
[BlackElo "2138"]
[PlyCount "86"]
[EventDate "2018.12.27"]
[EventType "swiss"]
[EventRounds "7"]
[EventCountry "GER"]
[SourceTitle "CBM 188 Extra"]
[Source "ChessBase"]
[SourceDate "2019.02.26"]
[SourceVersion "1"]
[SourceVersionDate "2019.02.26"]
[SourceQuality "1"]

1. d4 Nf6 2. c4 g6 3. Nc3 d5 4. Nf3 Bg7 5. Bf4 0-0 6. e3 c5 7. Rc1 cxd4 8. exd4 Nc6 9. h4 Bg4 10. Be2 dxc4 11. d5 Bxf3 12. gxf3 Na5 13. Be5 Rc8 14. f4 Qd7 15. h5 b5 16. hxg6 fxg6 17. Bxf6 exf6 18. Kf1 f5 19. Bf3 b4 20. Ne2 c3 21. bxc3 bxc3 22. Nd4 Rfe8 23. Ne6 Bf6 24. Ng5 Bxg5 25. fxg5 Qd6 26. Qd4 Qc5 27. Qh4 Re7 28. Kg2 Nb7 29. Rce1 c2 30. d6 Qxd6 31. Rxe7 Qxe7 32. Bd5+ Kf8 33. Qd4 Qxg5+ 34. Kh2 c1Q 35. Rxc1 Qh6+ 36. Kg2 Rxc1 37. Qb4+ Nc5 38. Qb8+ Ke7 39. Qe5+ Kd7 40. Be6+ Nxe6 41. Qb5+ Ke7 42. Qb7+ Rc7 43. Qb4+ Kf7 0-1